| 000 | 00486nam a2200181Ia 4500 | ||
|---|---|---|---|
| 005 | 20250326123929.0 | ||
| 008 | 250326s9999 xx 000 0 und d | ||
| 037 | _aTextbook | ||
| 040 |
_aFMSL _beng _cFMSL |
||
| 041 |
_aeng _2eng |
||
| 084 |
_aT:50a(X) N1 _qFMSL |
||
| 100 |
_aMartinson T H _9735092 |
||
| 245 | 0 |
_aSuper course for the GMAT _cMartinson T H |
|
| 260 |
_aNY _bNY, ARCO _c1991 |
||
| 300 | _a873p | ||
| 942 |
_cTB _hT:50a(X) N1 |
||
| 999 |
_c1271529 _d1271529 |
||